| 000 | 00535nam a2200181Ia 4500 | ||
|---|---|---|---|
| 003 | OSt | ||
| 005 | 20250704104801.0 | ||
| 008 | 190216s9999||||xx |||||||||||||| ||und|| | ||
| 020 | _a8122414885 | ||
| 040 | _coclc | ||
| 082 |
_a628.5 _bDEA/E |
||
| 100 | 1 |
_aDe, Anil K. _q(Anil Kumar), _d1927- _910603 |
|
| 245 | 0 |
_aEnvironmental Chemistry / _cAnil Kumar De |
|
| 250 | _a5th Ed. | ||
| 260 |
_bNew Age International Publishers, _c2000. _aNew Delhi: |
||
| 300 | _a406p | ||
| 942 |
_cBK _2ddc _h628.5 _iDEA/E _k628.5 _mDEA/E |
||
| 999 |
_c3306 _d3306 |
||